Špecifické aspekty pri ohodnocovaní ochrannej známky
Hodnota ochrannej známky ako výsledok dlhoročného vývoja a dobrej povesti podniku, a preto nie jemožné ju oddeľovať od celkovej ekonomickej situácie v podniku.Tri základné prístupy ohodnocovania ochrannej známky: ohodnotenie ochrannej známky na základe jej budúcich výnosov, ohodnotenie ochrannej zná...
Gespeichert in:
| 1. Verfasser: | |
|---|---|
| Format: | Buchkapitel |
| Sprache: | Slowakisch |
| Schlagworte: | |
| Tags: |
Keine Tags, Fügen Sie das erste Tag hinzu!
|
MARC
| LEADER | 00000naa$a2200000$$$4500 | ||
|---|---|---|---|
| 001 | 0081493 | ||
| 005 | 20240502071920.8 | ||
| 041 | 0 | |a slo | |
| 044 | |a SK | ||
| 245 | 1 | 0 | |a Špecifické aspekty pri ohodnocovaní ochrannej známky |c Martin Križan |
| 520 | |a Hodnota ochrannej známky ako výsledok dlhoročného vývoja a dobrej povesti podniku, a preto nie jemožné ju oddeľovať od celkovej ekonomickej situácie v podniku.Tri základné prístupy ohodnocovania ochrannej známky: ohodnotenie ochrannej známky na základe jej budúcich výnosov, ohodnotenie ochrannej známky na základe vynaložených nákladov na jej vytvorenie a zápis, ohodnotenie ochrannej známky na základe porovnania s inými ochrannými známkami. | ||
| 610 | 2 | 0 | |a firmy |
| 610 | 2 | 0 | |a známky ochranné |
| 610 | 2 | 0 | |a vlastníctvo duševné |
| 610 | 2 | 0 | |a hodnota |
| 610 | 2 | 0 | |a značky výrobkov |
| 610 | 2 | 0 | |a majetok nehmotný |
| 610 | 2 | 0 | |a výnosy |
| 610 | 2 | 0 | |a náklady |
| 610 | 2 | 0 | |a registrácia |
| 100 | 1 | |a Križan, Martin | |